International Marine Environmental Law and Policy / (Record no. 3060)
[ view plain ]
| 000 -LEADER | |
|---|---|
| fixed length control field | 05424nam a2200517Ii 4500 |
| 006 - FIXED-LENGTH DATA ELEMENTS--ADDITIONAL MATERIAL CHARACTERISTICS--GENERAL INFORMATION | |
| fixed length control field | m o d |
| 007 - PHYSICAL DESCRIPTION FIXED FIELD--GENERAL INFORMATION | |
| fixed length control field | cr |
| 008 - FIXED-LENGTH DATA ELEMENTS--GENERAL INFORMATION | |
| fixed length control field | 181112s2018 fluab ob 001 0 eng d |
| 020 ## - INTERNATIONAL STANDARD BOOK NUMBER | |
| International Standard Book Number | 9781315624921 |
| Qualifying information | (e-book : PDF) |
| 040 ## - CATALOGING SOURCE | |
| Original cataloging agency | IMU Kochi Library |
| Language of cataloging | eng |
| 040 ## - CATALOGING SOURCE | |
| Original cataloging agency | |
| Description conventions | rda |
| 041 0# - LANGUAGE CODE | |
| Language code of text/sound track or separate title | eng |
| 041 1# - LANGUAGE CODE | |
| Language code of text/sound track or separate title | eng |
| 072 #7 - SUBJECT CATEGORY CODE | |
| Subject category code | LAW |
| Subject category code subdivision | 034000 |
| Source | bisacsh |
| 072 #7 - SUBJECT CATEGORY CODE | |
| Subject category code | LAW |
| Subject category code subdivision | 051000 |
| Source | bisacsh |
| 072 #7 - SUBJECT CATEGORY CODE | |
| Subject category code | LAW |
| Subject category code subdivision | 066000 |
| Source | bisacsh |
| 072 #7 - SUBJECT CATEGORY CODE | |
| Subject category code | LNKJ |
| Source | bicscc |
| 245 00 - TITLE STATEMENT | |
| Title | International Marine Environmental Law and Policy / |
| 250 ## - EDITION STATEMENT | |
| Edition statement | First edition. |
| 300 ## - PHYSICAL DESCRIPTION | |
| Extent | 1 online resource (276 pages) : |
| Other physical details | 1 illustrations, text file, PDF |
| 504 ## - BIBLIOGRAPHY, ETC. NOTE | |
| Bibliography, etc | Includes bibliographical references and index. |
| 520 3# - SUMMARY, ETC. | |
| Summary, etc | Several disturbing issues pose a threat to the marine environment and its wellbeing, among them marine environmental pollution and degradation of marine biodiversity. Most troubling is that these issues are overwhelmingly caused by human activities which are sometimes transboundary, and their consequences will become more severe and complicated if not properly curbed. Thus, these activities require comprehensive policies, laws, and principles to manage them effectively. Linked to these solutions is the need for responsibilities, cooperation and commitments at local, national, regional and international levels. Contemporary Marine Environmental Law and Policy presents a thorough appraisal of the main issues, actors and institutions engaged in the legal aspects of marine environmental conservation. With contributions from an international range of authors, the book provides a concise account of the legal and policy framework underlying international marine environmental issues, and of the fundamental concepts and strategies that are important to the protection of the marine environment. Some of the topics explored include: the prevention of marine pollution caused by land based activities, ships, and offshore hydrocarbon and mineral resources exploration; the conservation and management of marine living resources; the marine environment in the polar regions; and the settlement of marine environmental disputes. This book provides a solid foundation for anyone studying International Environmental Law and the Law of the Sea. It will also appeal to anyone seeking to gain a deeper understanding of this hugely important subject. |
| 530 ## - ADDITIONAL PHYSICAL FORM AVAILABLE NOTE | |
| Additional physical form available note | Also available in print format. |
| 650 #7 - SUBJECT ADDED ENTRY--TOPICAL TERM | |
| Topical term or geographic name as entry element | LAW / International. |
| Source of heading or term | bisacsh |
| 650 #7 - SUBJECT ADDED ENTRY--TOPICAL TERM | |
| Topical term or geographic name as entry element | LAW / Maritime. |
| Source of heading or term | bisacsh |
| 650 #0 - SUBJECT ADDED ENTRY--TOPICAL TERM | |
| Topical term or geographic name as entry element | Marine pollution |
| General subdivision | Law and legislation. |
| 650 #0 - SUBJECT ADDED ENTRY--TOPICAL TERM | |
| Topical term or geographic name as entry element | Marine resources conservation |
| General subdivision | Law and legislation. |
| 650 #0 - SUBJECT ADDED ENTRY--TOPICAL TERM | |
| Topical term or geographic name as entry element | Marine parks and reserves |
| General subdivision | Law and legislation. |
| 650 #0 - SUBJECT ADDED ENTRY--TOPICAL TERM | |
| Topical term or geographic name as entry element | Environmental law, International. |
| 655 #0 - INDEX TERM--GENRE/FORM | |
| Genre/form data or focus term | Electronic books. |
| 700 1# - ADDED ENTRY--PERSONAL NAME | |
| Personal name | Hassan, Daud, |
| Relator term | |
| 700 1# - ADDED ENTRY--PERSONAL NAME | |
| Personal name | Karim, Saiful, |
| Relator term | |
| 710 2# - ADDED ENTRY--CORPORATE NAME | |
| Corporate name or jurisdiction name as entry element | Taylor and Francis. |
| 856 40 - ELECTRONIC LOCATION AND ACCESS | |
| Uniform Resource Identifier | <a href="https://www.taylorfrancis.com/books/9781315624921">https://www.taylorfrancis.com/books/9781315624921</a> |
| Public note | Click here to view. |
| 904 ## - LOCAL DATA ELEMENT D, LDD (RLIN) | |
| CATALOGER | Rudra Ranjan |
| 905 ## - LOCAL DATA ELEMENT E, LDE (RLIN) | |
| VERIFIER | Rudra Ranjan |
| 942 ## - ADDED ENTRY ELEMENTS (KOHA) | |
| Item type | E-Book |
| 264 #1 - | |
| -- | Boca Raton, FL : |
| -- | Routledge, |
| -- | 2018. |
| 336 ## - | |
| -- | text |
| -- | rdacontent |
| 337 ## - | |
| -- | computer |
| -- | rdamedia |
| 338 ## - | |
| -- | online resource |
| -- | rdacarrier |
| 505 00 - FORMATTED CONTENTS NOTE | |
| -- | Notes on the contributors -- |
| -- | Acknowledgements -- |
| -- | --PART I -- |
| -- | Introduction and general framework for the international marine environmental law -- |
| -- | 1 Contemporary issues in the protection and conservation of the marine environment: an overview ----Sandya Nishanthi Gunasekara and Md Saiful Karim -- |
| -- | --2 Ocean governance and marine environmental conservation: concepts, principles and institutions ----Abul Hasanat and Md Saiful Karim -- |
| -- | --PART II -- |
| -- | Prevention of marine pollution -- |
| -- | 3 Prevention, reduction and control of marine pollution from land-based sources and activities ----Daud Hassan and Stan Palassis -- |
| -- | --4 Prevention, reduction and control of marine pollution from ships ----Mahatab Uddin and Md Saiful Karim -- |
| -- | --5 Control and prevention of marine pollution from offshore hydrocarbon and mineral resources exploration and production activities ----Hossein Esmaeili -- |
| -- | --6 Climate change, ocean acidification and the marine environment: challenges for the international legal regime ----Tavis Potts -- |
| -- | --7 Marine spatial planning and the new frontiers of marine governance----Niko Soininen and Daud Hassan -- |
| -- | --PART III -- |
| -- | Conservation and management of marine living resources -- |
| -- | 8 Conservation of marine living resources and fisheries management----Daud Hassan and Emdadul Haque -- |
| -- | --9 Marine protected areas: contemporary challenges and developments----Erika Techera -- |
| -- | --10 Recognition of Indigenous rights in governance of marine protected areas: applying international law and Australian experiences ----Donna Craig -- |
| -- | --PART IV -- |
| -- | Polar regions -- |
| -- | 11 Protection of the Antarctic marine environment: dimensions, relationships and fields----Tuomas Kuokkanen -- |
| -- | --12 Protection of the arctic marine environment ----Timo Koivurova and Nengye Liu -- |
| -- | --PART V -- |
| -- | Settlement of disputes and conclusions 223 -- |
| -- | 13 Contemporary marine environmental disputes ----Daud Hassan and Beatriz Garcia -- |
| -- | --14 Future of international marine environmental law and policy: concluding remarks ----Daud Hassan and Asraful Alam -- |
| -- | --Index. |
No items available.